[Event "Aerosvit 2007"]
[Site "Foros"]
[Date "2007.06.22"]
[Round "5"]
[White "GM Nisipeanu, Liviu-Dieter(ROM)"]
[Black "GM Dominguez Perez, Lenier(CUB)"]
[Result "1/2-1/2"]
[WhiteElo "2693"]
[BlackElo "2678"]
[Annotator "Ëåáåäåâ Âàñèëèé"]
[PlyCount "80"]
[EventDate "2007.06.22"]

1. e4 c5 2. Nf3 d6 3. d4 cxd4 4. Nxd4 Nf6 5. Nc3 a6 {Èòàê, Íàéäîðô.} 6. Be3 e5
7. Nde2 Be6 8. f4 g6 ({Ðåçóëüòàòû â äàííîì ðàçâåòâëåíèè ó ðóìûíñêîãî
ãðîññìåéñòåðà áûëè ïðîñòî ïðåâîñõîäíûå, ïîêà íà åãî ïóòè íå âñòðåòèëñÿ Âåñåëèí
Òîïàëîâ.} 8... Nbd7 9. f5 Bc4 10. Nc1 Bxf1 (10... d5 11. exd5 Bxf1 12. Rxf1 Nb6
13. Qf3 Nbxd5 14. N1e2 Nxe3 15. Qxe3 Qc7 16. O-O-O Rc8 17. Kb1 Bc5 18. Qf3 Qc6
19. Ng3 Bd4 20. Qxc6+ Rxc6 21. Nce4 Ng4 22. c3 Bb6 23. Rfe1 f6 24. Rd3 Ke7 25.
h3 Nh6 26. Nh5 Nxf5 27. g4 Nd6 28. Nxg7 Nxe4 29. Rxe4 Rd8 30. Nf5+ Kf7 31. Kc2
Rxd3 32. Kxd3 Rc7 33. Rc4 Rd7+ 34. Ke4 Kg6 35. Rc8 Bd8 36. Rc5 Kg5 37. c4 h5
38. Rd5 Rxd5 39. cxd5 hxg4 40. hxg4 Kxg4 41. Nh6+ Kh5 42. Nf7 Bb6 43. Kf5 e4
44. Kxe4 Kg6 45. Nd6 Bg1 46. Nxb7 f5+ 47. Ke5 Kg5 48. d6 f4 49. d7 Bb6 50. Ke4
{1-0 Nisipeanu,L (2693) - Kempinski,R (2579)/Dresden GER 2007}) 11. Rxf1 d5 (
11... Rc8 12. Nb3 b5 13. a3 Be7 14. Qd3 Qc7 15. O-O-O Qc4 16. Bg5 h6 17. Bh4
O-O 18. Qxc4 Rxc4 19. Na5 Rc7 20. Bxf6 Nxf6 21. Nd5 Nxd5 22. Rxd5 Rfc8 23. c3
h5 24. Kc2 g6 25. g3 Kh7 26. f6 Bf8 27. h4 Re8 28. b4 Re6 29. Kb3 Bh6 30. c4 g5
31. cxb5 axb5 32. hxg5 Bxg5 33. Rxb5 Rc1 34. Rxc1 Bxc1 35. Rd5 Rxf6 36. b5 Rf3+
37. Kc2 Be3 38. Nc4 Bd4 39. Nxd6 Rxg3 40. Nf5 Rg2+ 41. Kd3 Bf2 42. Rd7 h4 43.
Rxf7+ Kg8 44. Nh6+ Kh8 45. Rf3 Kh7 46. Nf5 Rh2 47. a4 Bb6 48. Kc4 h3 49. Kd5
Kg6 50. Kc6 Bd8 51. Rg3+ Kf6 52. Ne3 Rh1 53. Kd7 Ba5 54. Ng4+ Kf7 55. Nh6+ Kf6
56. Ng8+ Kf7 57. Nh6+ Kf6 58. Ng4+ Kf7 59. Nxe5+ Kf6 60. Ng4+ Kf7 61. Nf2 Ra1
62. Rxh3 Rxa4 63. Rf3+ Kg6 64. e5 Rb4 65. Kc6 Rc4+ 66. Kd5 Rb4 67. Kc5 Rb1 68.
Nd3 Bd8 69. e6 Rd1 70. Kc6 Rb1 71. Ne5+ Kh5 72. Rh3+ {
1-0 Nisipeanu,L (2695) - Areshchenko,A (2660)/Foros 2006}) 12. Nxd5 Nxe4 13.
Nb3 Ndf6 14. Nxf6+ Nxf6 15. Qxd8+ Rxd8 16. Bg5 Be7 17. Bxf6 Bxf6 18. c3 Bg5 19.
Nc5 Ke7 20. Ne4 f6 21. Ke2 h5 22. Rad1 h4 23. Rxd8 Rxd8 24. Rd1 Rxd1 25. Kxd1
Bf4 26. h3 Kd7 27. Ke2 Kc6 28. c4 Bc1 29. b3 b5 30. Kf3 Kb6 31. Kg4 bxc4 32.
bxc4 Bg5 33. Nxg5 fxg5 34. Kf3 Kc5 35. Ke4 Kxc4 36. Kxe5 a5 37. f6 gxf6+ 38.
Kxf6 a4 39. Kxg5 Kc3 40. Kxh4 Kb2 41. g4 Kxa2 42. g5 a3 43. g6 {
(1-0 Nisipeanu,L (2695) - Gelfand,B (2727)/Turin 2006).}) 9. h3 {
Êàê îêàçàëîñü, íå òàêîé óæ è ïëîõîé ýòî áûë õîä...} h5 {Áîëåå ïîëíóþ êàðòèíó
îòíîñèòåëüíî äåáþòà ìîæíî ïîñìîòðåòü çäåñü: https://www.crestbook.com/?q=node/
431} 10. g3 $146 (10. fxe5 $2 dxe5 11. Qxd8+ Kxd8 12. O-O-O+ Nbd7 13. Ng1 Rc8
14. Bd3 Bh6 15. Bxh6 Rxh6 16. Nf3 Ke7 17. Ng5 h4 18. Be2 Rc5 19. Rhf1 Rh8 20.
Rd3 Rhc8 21. Kd2 b5 22. a3 a5 23. b4 axb4 24. axb4 R5c6 25. Rdf3 Bc4 26. Bxc4
Rxc4 27. Ra1 Rxb4 28. Nd5+ Nxd5 29. Rxf7+ Kd6 30. exd5 Rd4+ 31. Kc1 Nc5 32.
Raa7 e4 33. Ne6 Rc4 34. Nxc5 R8xc5 35. Rad7+ Ke5 36. Rf2 b4 37. Re7+ Kd6 38.
Rb7 Kxd5 39. Kb2 e3 40. Re2 Re4 41. Kb3 Ke5 42. Rf7 g5 43. Rf8 Rd5 44. c4 Rd7
45. Re1 Rd2 46. Kxb4 Rxg2 47. Kc3 Rg3 48. Re8+ Kf5 49. Rf1+ Kg6 50. Rxe4 e2+
51. Rf3 Rxf3+ 52. Kd2 Rxh3 53. c5 Ra3 54. c6 Ra2+ {
(0-1 Nisipeanu,L (2693) - Topalov,V (2772)/Sofia BUL 2007).}) 10... Nbd7 11.
Bg2 b5 {
Òóò åù¸ íå ñòóïàëà íîãà øàõìàòèñòà. È åñòü ñîìíåíèå â ïðàâèëüíîñòè ýòîãî õîäà}
({Âåðîÿòíî, íåïëîõî áûëî ïðîÿâèòü «ðàçíîñòîðîííîñòü» -} 11... Qa5 $5 12. O-O
O-O-O) 12. b3 Nc5 13. O-O $1 ({Äâèãàòü} 13. f5 $5 {ñåé÷àñ âðîäå áû ïîñëàáåå}
Bd7 14. fxg6 fxg6 15. O-O (15. b4 $5) 15... Be7 {
È î÷åíü õî÷åòñÿ «æåðòâàíóòü»} 16. Rxf6 $5 (16. b4 Ne6 17. Qd3 Nc7 $13) ({
çàñëóæèâàåò âíèìàíèÿ è} 16. Bxc5 dxc5 17. Qd2) (16. Qd2 $5) (16. Nd5 $5) 16...
Bxf6 17. Qxd6 Nb7 18. Qd5 Qc8 19. Rf1 Be6 20. Qd2 (20. Qd1 $5) 20... O-O 21.
Nd5 Bxd5 (21... Bd8 $143 22. Rxf8+ Kxf8 23. Kh2 Qc6 $140 $2 24. Bd4 $3 {
, è âíåçàïíî ÷¸ðíûå ïîïàäàþò ïîä ãðàä óäàðîâ:} exd4 ({èëè} 24... Qd6 25. Qh6+
Kg8 26. Qxg6+ Kf8 27. Qh6+ Kg8 28. Nf6+ $1 Bxf6 29. Qxf6 exd4 30. e5 Qd7 31.
Nf4 $18) 25. Qh6+ Kf7 26. Nxd4 $18 Qd6 27. Nxe6 Kxe6 28. Qg7 $18) 22. exd5 Nd6
23. Qd3 Kg7 24. Nc3 Be7 25. Rxf8 Qxf8 26. Ne4 Nxe4 27. Bxe4 Bc5 $1 $15) 13...
Bh6 14. Bxc5 $1 dxc5 15. f5 $1 gxf5 ({Ðàçìåí ôåðçåé íå ìîæåò âäîõíîâèòü ÷¸ðíûõ
} 15... Qxd1 $2 16. Raxd1 Be3+ 17. Kh1 (17. Kh2 $6 Ng4+ $1 18. Kh1 Bd7 19. Nd5
Ra7 $11) 17... Ng4 (17... Bd7 18. fxg6 $18) 18. fxe6 fxe6 19. hxg4 hxg4+ 20.
Bh3 $1 Rxh3+ 21. Kg2 Ra7 22. Rh1 {
, è ëèøíÿÿ ôèãóðà áåëûõ «íàìåêàåò» íà âîçìîæíîñòü áîðüáû çà ïîáåäó.}) 16. exf5
Bd7 17. Nd5 ({Ïëîõî} 17. Bxa8 $2 Be3+ 18. Rf2 ({èëè} 18. Kh2 Qxa8 {
è Ng4 (Ãîëóáåâ)}) 18... Qxa8 19. Qd6 Qf3 20. Qxe5+ (20. Raf1 Bc6 $19) 20... Kf8
21. Qxf6 Qxf2+ 22. Kh1 Rh6 $19) 17... Bc6 18. Nec3 Bxd5 ({
Ãëÿäÿ íà ñëåäóþùèå âàðèàíòû} 18... Qd6 $5 19. Qe2 $1 Bxd5 20. Nxd5 Nxd5 21.
Bxd5 Qxd5 $2 22. Rad1 $18 {óäèâëÿåøüñÿ, êàê ýòî òóò ÷¸ðíûå óñòîÿëè...}) ({
Óäðàòü íå ïîëó÷àåòñÿ:} 18... O-O 19. Nxf6+ Qxf6 20. Bxc6 Qxc6 21. Qxh5 $16)
19. Nxd5 Rb8 ({Ïåðåõîä â «ðàçíîöâåò» æåëàííîãî îáëåã÷åíèÿ òîæå íå ïðèíîñèë:} 
19... Nxd5 20. Bxd5 Rc8 ({èëè} 20... Be3+ 21. Kg2 Bd4 22. Qf3 Rc8 23. Rad1 b4
24. Bb7 Rb8 25. f6 $40) 21. Qe2 $1 ({ðàçóìååòñÿ, íå} 21. Qxh5 Be3+) 21... Qf6 (
21... Qxd5 $4 22. Rad1 $18) 22. a4 $1 $16) 20. Qe2 $1 e4 (20... Nxd5 21. Qxe5+
Kd7 22. Rad1 $18) 21. Rad1 Kf8 {Ïðè èãðå íà «Ïëàíåòå» òàêîé õîä ëåãêî
îáúÿñíÿåòñÿ - ìûøêà íå äîíåñëà êîðîëÿ äî ïîëÿ g8 ;)} ({Ïîñëå} 21... O-O {
ïîëó÷àëîñü ïðèìåðíî òî æå, ÷òî è â ïàðòèè} 22. Nxf6+ Qxf6 23. Bxe4 Rfe8 24.
Rfe1 Qg5 25. Kg2 Rbd8 {è ò.ä.}) 22. Nxf6 Qxf6 23. Qxe4 {
Ïåøêà ëèøíÿÿ, íî ñëîíû ðàçíîöâåòíûå.} h4 24. g4 Kg7 25. Qc6 Be3+ ({
Â ñëó÷àå ðàçìåíà ôåðçåé} 25... Qxc6 26. Bxc6 Bg5 27. Rfe1 $16 {
ìó÷åíèÿ ÷¸ðíûõ ïðîäîëæàþòñÿ}) 26. Kh1 Rhd8 27. Rde1 Bg5 28. Qxc5 Rbc8 29.
Qa7 $1 Kg8 {×¸ðíûå ðåøàþò ââåðèòü ñóäüáó «ðàçíîöâåòó», õîòÿ ó íèõ óæå
íåäîñòà¸ò äâóõ ïåøåê.} ({Â ñëó÷àå} 29... Rxc2 {, ðàçóìååòñÿ, ïîñëåäîâàëî áû}
30. Re6 $1 Qb2 31. Rg6+ (31. f6+ Kg6 32. Be4+ Kh6 33. Bxc2 Qc3 $1) 31... Kh8 $1
{È, êàê ìíå êàæåòñÿ, áåëûå âñ¸ æå ñîõðàíÿþò íåêîòîðûå  øàíñû íà ïîáåäó!
Òî÷íåå: îíè ïðåäîñòàâëÿþò ÷¸ðíûì âîçìîæíîñòü íå ðàç îøèáèòüñÿ. Îíè äîëæíû
èãðàòü} {åñëè} 32. Qxf7 $1 ({èëè} 32. Rxg5 Rxg2 33. Qc7 Rgd2 $11 {Ãîëóáåâ})
32... Rxg2 33. Rg8+ $3 Rxg8 34. Qh5+ Kg7 35. Qxg5+ {Èäåÿ áåëûõ çàêëþ÷àåòñÿ â
òîì, ÷òîáû â íàäëåæàùèé ìîìåíò îáúÿâèòü øàõ ñ d5, âûèãðûâàÿ ëàäüþ íà g2} Kf7
(35... Kf8 36. Qd8+ Kf7 37. Qd5+) ({èëè} 35... Kf8 36. Qd8+ Kg7 37. Qe7+ Kh8
38. Qxh4+ Kg7 39. f6+) 36. Qh5+ $1 {
È òåïåðü ÷¸ðíûå äîëæíû âûèñêèâàòü åäèíñòâåííûå õîäû:} Ke7 $8 ({õóæå} 36... Kf8
37. Qh6+ Rg7 38. Qd6+ Re7 (38... Kg8 $4 39. Qd5+) 39. Rd1 $3 Rge2 40. f6 Qe5
41. fxe7+ Qxe7 42. Rf1+ Kg7 43. Qxe7+ Rxe7 44. Kg2 {
Ïîèãðàåì ñ ëèøíåé ïåøêîé íà âûèãðûø? Ïîèãðàåì!}) 37. Qh7+ Rg7 38. f6+ (38.
Qxg7+ $6 Qxg7 39. f6+ Qxf6 40. Rxf6 Rxa2 $11) 38... Kd6 $8 (38... Kd8 39. Rd1+
Rd2 40. Rxd2+ Qxd2 41. Qh8+ Kc7 42. Qxg7+ Kb6 43. Qe7 $18) 39. Qe4 $1 (39. Rd1+
Rd2 40. Rxd2+ Qxd2 41. fxg7 Qe1+ {- âå÷íûé øàõ.}) 39... Rg3 $1 (39... Rh2+ 40.
Kg1 Rxh3 41. Qf4+ $1) 40. Qf4+ $1 (40. Rd1+ Kc7 41. fxg7 Rxh3+ 42. Kg1 Rg3+ 43.
Kh1 Rh3+ 44. Kg1) 40... Kd7 41. Rd1+ Kc8 42. Qf5+ Kb7 43. Qd5+ Kb8 {
, è âñ¸-òàêè íè÷åãî áîëüøå, íåæåëè âå÷íûé øàõ òóò íå íàõîäèòñÿ. Æàëü!}) 30.
Re2 Re8 31. Rxe8+ Rxe8 32. c4 bxc4 33. bxc4 Qc3 34. f6 ({
Åù¸ áîëåå ïðåóìíîæèòü ñâî¸ ïðåèìóùåñòâî, áåëûì íå óäà¸òñÿ:} 34. Qxa6 Re3 $1 35.
Bf3 (35. a4 $4 Rxh3+ 36. Bxh3 Qxh3+ 37. Kg1 Be3+) 35... Re1 36. Qa8+ (36. Bg2
$4 Rxf1+ 37. Bxf1 Qf3+ {ñ ìàòîì}) 36... Kg7 37. Bg2 Re3 $11 {
ñ ïîâòîðåíèåì õîäîâ}) 34... Qxc4 35. Qd7 Qe6 36. Qd3 Bxf6 37. Bd5 Rd8 $1 {
Òîëüêî òàê!} (37... Qe7 $4 38. Qg6+) 38. Rd1 ({Íè÷åãî íå âûõîäèò è â ñëó÷àå} 
38. Rf5 $5 Rd7 $1 39. Kg2 Qd6 40. Qf3 Rc7 $1 41. Rxf6 $140 Rc2+ 42. Kf1 Rc1+
43. Kg2 ({íî íå} 43. Ke2 $4 Qe5+ 44. Be4 Qb2+) 43... Rc2+ 44. Kf1 $11) 38...
Qe5 {Øåðîõîâàòîñòü.} ({Ëó÷øå} 38... Qe7 {, íå «äàðÿ»áåëûì ïåøêó à6:} 39.
Qxa6 Rxd5 $1) 39. Qg6+ ({Ìîæíî áûëî ïðèñòóïèòü ê ïîñëåäíåé ÷àñòè - çàòÿæíîìó
ôåðçåâîìó ýíäøïèëþ ñ ëèøíåé ïåøêè ïîñëå} 39. Qxa6 Rxd5 ({ïîñëå} 39... Kg7 {
ìíîãîôèãóðíûé «ðàçíîöâåò» òîæå äîëãîíüêî áóäåò èãðàòüñÿ...}) 40. Qa8+ Rd8 41.
Rxd8+ Bxd8 42. Qxd8+ Kg7 43. Qxh4 Qd5+ 44. Kg1 Qxa2 {è ò.ä.}) 39... Kh8 40.
Qxf7 Qc3 $11 {Êîíòðîëü ïðîø¸ë, ïîñëåäîâàëî ñîãëàøåíèå íà íè÷üþ. Âå÷íûé øàõ
òîìó èëè èíîìó êîðîëþ íåèçáåæåí.} ({Íî âñ¸ æå (ïîñëå} 40... Qc3 {
) ñòîèëî ïðîâåðèòü ÷¸ðíûõ ïîñðåäñòâîì} 41. Rd3 $1 {Äà è çðèòåëè áûëè áû
äîâîëüíû, óâèäåâ òàêîé õîä. Êîíå÷íî, è çäåñü ïîëó÷àåòñÿ ïðîñòàÿ íè÷üÿ:} Qe1+
({íî íå} 41... Qxd3 $4 42. Qxf6+ Kh7 43. Qxh4+ Kg6 44. Qxd8 {è ò.ä.}) 42. Kg2
Qe2+ 43. Kg1 (43. Kh1 $4 Qf1+ 44. Kh2 Be5+) 43... Qe1+ 44. Kg2) 1/2-1/2

[Event "Aerosvit 2007"]
[Site "Foros RUS"]
[Date "2007.06.22"]
[Round "5"]
[White "GM Svidler, Peter(RUS)"]
[Black "GM Van Wely, Loek(NED)"]
[Result "1/2-1/2"]
[WhiteElo "2736"]
[BlackElo "2674"]
[Annotator "Ëåáåäåâ Âàñèëèé"]
[PlyCount "69"]
[EventDate "2007.??.??"]

1. e4 ({Äóìàåòñÿ, íå ÿ îäèí æäàëè ñòðàøíîé ìåñòè Ïåòðà çà ñëåäóþùóþ ïàðòèþ:
} 1. d4 Nf6 2. c4 g6 3. Nc3 d5 4. cxd5 Nxd5 5. e4 Nxc3 6. bxc3 Bg7 7. Bc4 c5 8.
Ne2 Nc6 9. Be3 O-O 10. O-O Bd7 11. Rb1 Qc7 12. Bf4 Qc8 13. Rc1 a6 14. Qd2 b5
15. Bd3 Qb7 16. Bh6 Bxh6 17. Qxh6 cxd4 18. cxd4 Qb6 19. Rc5 Bg4 20. Nf4 Nxd4
21. Rg5 Bf3 22. Rg3 {
(1-0 Van Wely,L (2683) - Svidler,P (2728)/Wijk aan Zee NED 2007).}) 1... c5 2.
Nf3 d6 3. d4 cxd4 4. Nxd4 Nf6 5. Nc3 a6 6. Be3 e5 {
Îõ, è ðèñêîâûé ýòîò ïàðåíü - Ëþê âàí Âåëè!} 7. Nb3 Be6 8. f3 Be7 9. Qd2 O-O
10. O-O-O Nbd7 11. g4 b5 12. g5 b4 ({Â ñëó÷àå} 12... Nh5 {
Ãàððè Êàñïàðîâ ñîâåòóåò} 13. Kb1 ({èëè} 13. Nd5 Bxd5 14. exd5 f5 15. gxf6 Bxf6
16. Na5 Qc7 17. Nc6 $36 {
1/2-1/2 Byrne,R (2560)-Popovych,O (2415)/New York 1972/MCD (51)}) 13... Qc7 14.
Nd5 Bxd5 15. exd5 Nb6 16. Na5 $1 Nxd5 17. Qxd5 Qxa5 18. c4 Rab8 19. Bd3 $44 {
ðåçþìèðóÿ, ÷òî «êàê ïîêàçàëà ïðàêòèêà, èíèöèàòèâà áåëûõ ñ ëèõâîé êîìïåíñèðóåò
ïîæåðòâîâàííóþ ïåøêó».} {È âîò îäíà ïðèìåðíàÿ ïàðòèÿ:} Qb4 20. Bd2 Qa4 21.
Rhe1 bxc4 22. Bxc4 Rbc8 23. b3 Qd7 24. Bxa6 Ra8 25. Bb5 Qa7 26. a4 Nf4 27. Bxf4
exf4 28. Qd4 Bxg5 29. Qxa7 Rxa7 30. Rxd6 Rb8 31. Red1 Kf8 32. Rd7 Rbb7 33. Rxb7
Rxb7 34. Rd5 Bh4 35. a5 Bf2 36. Kc2 g6 37. b4 Rc7+ 38. Kb3 Rc1 39. Bd3 Ra1 40.
Rd7 h5 41. Bc4 Ke8 42. Rb7 Kd8 43. Bxf7 Kc8 44. Re7 Rb1+ 45. Ka4 {
(1-0 Shirov,A (2720) - Areshchenko,A (2640)/Fuegen 2006).}) 13. Ne2 ({
Íå ñòîëü ïîïóëÿðíî.} 13. gxf6 {Õîòÿ íà ÷åìïèîíàòå Åâðîïû ïîáåäèòåëü
Ìîñêâà-îïåíà âûèãðàë â ýòîì âàðèàíòå õîðîøóþ ïàðòèþ.} bxc3 14. Qxc3 Nxf6 15.
Na5 d5 16. Nc6 d4 17. Nxd8 dxc3 18. Nxe6 cxb2+ 19. Kxb2 Rfb8+ 20. Kc1 fxe6 21.
Rd3 Kf7 22. Rb3 a5 23. Be2 a4 24. Rb5 Ba3+ 25. Kd2 Bb2 26. c3 Rxb5 27. Bxb5 Rc8
28. c4 Ne8 29. c5 Ba3 30. Ke2 Rb8 31. Bxa4 Rb2+ 32. Kd3 Rxa2 33. Rb1 Rb2 34.
Ra1 Bb4 35. Bc2 {(1-0 Najer,E (2624) - Bobras,P (2545)/Dresden GER 2007).})
13... Ne8 14. f4 a5 15. f5 {È ÿ, íàêîíåö âñïîìíèë, ÷òî ýòî çà âàðèàíò. Òîò
ñàìûé, â êîòîðîì Àíàíä âûèãðàë ôàíòàñòè÷åêóþ ïàðòèþ ó Êàðÿêèíà â
Âåéêå-2006! Îõ, ÷òî ñåé÷àñ íà÷í¸òñÿ!} a4 16. Nbd4 $1 exd4 17. Nxd4 b3 $1 {
Âñ¸ ýòî êðàñèâî, íî íàñêâîçü òåîðåòè÷íî.} 18. Kb1 bxc2+ 19. Nxc2 Bb3 $1 20.
axb3 axb3 21. Na3 Ne5 22. h4 Ra4 ({Âîò óïîìÿíóòàÿ ïàðòèÿ Àíàíäà:} 22... Ra5 23.
Qc3 Qa8 24. Bg2 Nc7 $3 25. Qxc7 Rc8 $3 26. Qxe7 Nc4 $19 27. g6 hxg6 28. fxg6
Nxa3+ 29. bxa3 Rxa3 30. gxf7+ Kh7 31. f8=N+ Rxf8 32. Qxf8 Ra1+ 33. Kb2 Ra2+ 34.
Kc3 Qa5+ 35. Kd3 Qb5+ 36. Kd4 Ra4+ 37. Kc3 Qc4+ {
(0-1 Karjakin,S (2660) - Anand,V (2792)/Wijk aan Zee 2006).}) 23. Rh3 $146 ({
Øèðîâ ïðîòèâ òîãî æå âàí Âåëè â íûíåøíåãîäíîì Âåéêå ïåøêó íà å4 çàùèùàë, íî
ïðîèãðàë:} 23. Qg2 Qa8 24. f6 Bd8 25. Bd4 Nc7 26. fxg7 Kxg7 27. h5 Ne6 28. g6
Rxd4 29. Rxd4 Nxd4 30. h6+ Kf6 31. g7 Rg8 32. Qf2+ Ndf3 33. Bg2 Qxe4+ 34. Ka1
Ke6 35. Rf1 Bg5 36. Bxf3 Qxf3 37. Qxf3 Nxf3 38. Rxf3 Bxh6 39. Rxb3 Rxg7 40. Rh3
Bf4 {(0-1 Shirov,A (2715) - Van Wely,L (2683)/Wijk aan Zee NED 2007).}) 23...
Rxe4 24. Qg2 Rg4 (24... Ra4 25. f6 $1) 25. Qb7 {È, âèäèìî, ÷¸ðíûå äîëæíû ñàìè
ïðåäëîæèòü ðàçìåí ôåðçåé, ïîñëå ÷åãî ó áåëûõ îñòàþòñÿ è äâà ñëîíà è
ïðîõîäíàÿ ïåøêà «b».} Qd7 ({
Ìîæåò, ëó÷øå áûëî óêëîíèòüñÿ îò àííèãèëÿöèè ñèëüíåéøèõ ôèãóð ïóò¸ì:} 25... Qc7
$5 {Íåò, íå ëó÷øå:} 26. Qxb3 (26. Qxc7 Nxc7 {- ÷¸ðíûå ðàñïóòàëèñü}) 26... Qd7
$1 27. Qc2 d5 28. Be2 $1 ({ñëàáåå} 28. Bd4 Nc6 29. Bb5 Rxd4 $1 30. Rxd4 Nxd4
31. Bxd7 Nxc2 32. Nxc2 Nc7 {è ò.ä.}) 28... Re4 ({èëè} 28... Rb4 29. Bd4 Nc6 30.
Bc3 Rb7 31. Nb5 $14) 29. Qxe4 $1 dxe4 30. Rxd7 Nxd7 31. Nb5 {- áåëûé êîíü
âîçâðàùàåòñÿ â èãðó, à êîãäà òóäà æå, «â èãðó», óäàñòñÿ ïðîáðàòüñÿ áåëîé
ëàäüå, òî èõ ïåøêà «b», ïîääåðæàííàÿ äâóìÿ ñëîíàìè, âïîëíå ìîæåò îêàçàòüñÿ
ðåøàþùèì ôàêòîðîì.}) 26. Qxd7 Nxd7 27. Bc4 {
Ëèøíÿÿ ïåøêà ó ÷¸ðíûõ - ýòî íåíàäîëãî, à äâà ñëîíà ó áåëûõ - ïî÷òè íàâñåãäà.}
Nc7 28. Rd4 {Àêòèâíûå ôèãóðû ñîïåðíèêà íàäî âûèãðûâàòü. Èëè, êàê ìèíèìóì,
ðàçìåíèâàòü. Òàê óòâåðæäàþò ïðàâèëà, âáèòûå â íàøè ãîëîâû â äåòñòâå.} ({
Íî åñòü ïîäîçðåíèå, ÷òî, ïî êðàéíåé ìåðå, çàñëóæèâàþùèì âíèìàíèÿ áûë âåñüìà
íåòðèâèàëüíûé ïåðåõîä â «ðàçíîöâåò» ñ âðåìåííîé æåðòâîé ïåøêè:} 28. Rc1 $5
Nc5 {(âñ¸ îñòàëüíîå - õóæå)} 29. Bxc5 $1 dxc5 30. Rxb3 Rxh4 (30... Rc8 $5 31.
Rb6 Rxh4 32. g6 $36) 31. g6 $36 {, ïîääàâëèâàÿ áåç ðèñêà.}) 28... Rxd4 (28...
Ne5 29. Rxg4 Nxg4 30. Bf4 Ne5 31. Rxb3 $14) ({Íî, êîíå÷íî, íå} 28... Rg2 $2
29. Bf1 $18) 29. Bxd4 d5 30. Bxb3 {Âîò è ïîäðîâíÿëèñü.} Bc5 31. Nc2 Rb8 32. Ba2
Bxd4 33. Nxd4 Kf8 34. Kc2 {Ïîñëå ýòîãî áðîñêà áåëîãî êîðîëÿ âïåð¸ä, ïîä íîãè
÷¸ðíîé êîííèöû, áîðüáà çàêàí÷èâàåòñÿ} ({
Ïîñëåäíèé øàíñèê äëÿ èãðû íà ïîáåäû çàêëþ÷àëñÿ â} 34. Rc3 $5 {, íàäåÿñü íà}
Rb7 35. h5 Ne5 36. g6 $1 hxg6 (36... Kg8 $2 37. Bxd5 $1) 37. fxg6 Ra7 ({
íî ëó÷øå} 37... Ng4 {, è ïîñëå} 38. Nf5 Nf6 39. h6 $1 fxg6 40. Bxd5 $3 Ncxd5
41. Rc8+ Kf7 42. Nd6+ Ke7 43. Nxb7 gxh6 {íå äóìàþ, ÷òî ó áåëûõ çäåñü âûèãðàíî
}) (37... fxg6 $2 38. Rxc7 $1) 38. Nb5 $3 Nxb5 39. Rc8+ Ke7 40. h6 $1 Ra6 41.
hxg7 Rxg6 42. g8=Q Rxg8 43. Rxg8 {
è ò.ä. - øàíñîâ ïîèãðàòü åù¸ õîäîâ òàê ýäàê 40-50 áåëûå ñîâñåì íå ëèøèëèñü!}) (
{Ïðàâèëüíî (ïîñëå} 34. Rc3 $5 {) êàæóùååñÿ áîëåå îïàñíûì íà âèä} Nb5 $1 35.
Nxb5 Rxb5 36. Rc8+ Ke7 37. Rh8 {è òåïåðü} d4 $1 ({ëèøíèå ïðîáëåìû ïîñëå} 37...
h6 38. f6+ $1 {÷¸ðíûì íè ê ÷åìó}) 38. Rxh7 Rxf5 39. Rxg7 Ne5 {
äàæå ñ íåêîòîðûìè óãðîçàìè} 40. h5 $6 ({ïðàâèëüíåå «çàðûáèòüñÿ» -} 40. Bb3
Rf1+ 41. Kc2 Rf2+ 42. Kb1 Rf1+ 43. Kc2 $11) 40... d3 41. Kc1 Rf1+ 42. Kd2 Rf2+
43. Ke3 d2 $1 44. Bb3 Rf3+ 45. Kxd2 Rxb3 46. Kc2 Rb8 47. g6 Kf8 48. Rh7 Kg8 $15
{, ñîõðàíÿÿ ñâîþ ïîñëåäíþþ ïåøêó.}) 34... Na6 35. Re3 (35. Bxd5 $4 Nb4+) ({
À òåïåðü ìîãëî ïîñëåäîâàòü} 35. Ra3 Nb4+ 36. Kd2 Ne5 37. Bb3 Ke7 $11 {
ß ëè÷íî íèêàêèõ ñïîñîáîâ óñèëåíèÿ ïîçèöèè áåëûõ íå âèæó. Âïðî÷åì, è ÷¸ðíûì
íå ê ÷åìó òóò ñòðåìèòüñÿ.}) 1/2-1/2